000 01677cam a2200397Ka 4500
001 7969863
003 ARRUPE
005 20151112101923.0
006 m d
007 cr bn||||||abp
007 cr bn||||||ada
008 100423s1873 enk o 000 0 eng d
035 _a(OCoLC)ocn609150094
035 _a(OCoLC)609150094
040 _aOCLCE
_beng
_cOCLCE
_dOCLCQ
041 1 _aeng
_hger
043 _ae-gx---
049 _aZCUA
050 4 _aB2808
_b.S66 1873
082 0 4 _a193.3
100 1 _aFichte, Johann Gottlieb,
_d1762-1814.
_93964
245 1 0 _aJohann Gottlieb Fichte's popular works
_bthe nature of the scholar ; the vocation of man ; the doctrine of religion /
_cwith a memoir by William Smith.
246 3 0 _aPopular works
260 _aMilton Keynes, UK :
_bLightning Source,
_c2013.
300 _a182p. ;
_c25cm.
506 _3Use copy
_fRestrictions unspecified
_2star
_5MiAaHDL
533 _aElectronic reproduction.
_b[S.l.] :
_cHathiTrust Digital Library,
_d2010.
538 _aMaster and use copy. Digital master created according to Benchmark for Faithful Digital Reproductions of Monographs and Serials, Version 1. Digital Library Federation, December 2002.
_uhttp://purl.oclc.org/DLF/benchrepro0212
583 1 _adigitized
_c2010
_hHathiTrust Digital Library
_lcommitted to preserve
_2pda
_5MiAaHDL
700 1 _aSmith, William,
_d1816-1896.
_920767
740 0 2 _aNature of the scholar.
740 0 2 _aVocation of man.
740 0 2 _aDoctrine of religion.
776 0 8 _iPrint version:
_aFichte, Johann Gottlieb, 1762-1814.
_tJohann Gottlieb Fichte's popular works.
_dLondon : Trübner, 1873
_w(OCoLC)911821
942 _2lcc
_cMONOGRAPH
999 _c123688
_d123688